The sociology of education : (Record no. 61138)
[ view plain ]
| 000 -LEADER | |
|---|---|
| fixed length control field | 00755nam a2200253 a 4500 |
| 001 - CONTROL NUMBER | |
| control field | 61138 |
| 003 - CONTROL NUMBER IDENTIFIER | |
| rucl marc code | BD-RjUL |
| 005 - DATE AND TIME OF LATEST TRANSACTION | |
| control field | 20211209080927.0 |
| 008 - FIXED-LENGTH DATA ELEMENTS--GENERAL INFORMATION | |
| fixed length control field | 170115r19771972enk 001 0 eng d |
| 020 ## - INTERNATIONAL STANDARD BOOK NUMBER | |
| International Standard Book Number | 0043010458 |
| -- | 0043010466 (pbk) |
| 035 ## - SYSTEM CONTROL NUMBER | |
| System control number | (BD-RjUL)61262 |
| 040 ## - CATALOGING SOURCE | |
| Original cataloging agency | DLC |
| Transcribing agency | DLC |
| Modifying agency | DLC |
| -- | BD-RjUL |
| Language of cataloging | eng |
| 041 ## - LANGUAGE CODE | |
| Language code of text/sound track or separate title | eng |
| 082 00 - DEWEY DECIMAL CLASSIFICATION NUMBER | |
| Classification number | 370.193 |
| Edition number | 23 |
| Author mark and year | MOS 1977 |
| 100 1# - MAIN ENTRY--PERSONAL NAME | |
| Personal name | Morrish, Ivor. |
| 9 (RLIN) | 179864 |
| 245 14 - TITLE STATEMENT | |
| Title | The sociology of education : |
| Remainder of title | an introduction / |
| 260 ## - PUBLICATION, DISTRIBUTION, ETC. (IMPRINT) | |
| Place of publication, distribution, etc. | London : |
| Name of publisher, distributor, etc. | Allen and Unwin, |
| Date of publication, distribution, etc. | 1972 [impression 1977] |
| 300 ## - PHYSICAL DESCRIPTION | |
| Pagination | 304 p. ; |
| Size | 23 cm. |
| 490 0# - SERIES STATEMENT | |
| Series statement | Unwin education books Series |
| 500 ## - GENERAL NOTE | |
| General note | Includes Index |
| 650 #0 - SUBJECT ADDED ENTRY--TOPICAL TERM | |
| Topical term or geographic name as entry element | Educational sociology |
| 9 (RLIN) | 178141 |
| 830 ## - SERIES ADDED ENTRY--UNIFORM TITLE | |
| Uniform title | Unwin education books Series |
| 942 ## - ADDED ENTRY ELEMENTS (KOHA) | |
| Source of classification or shelving scheme | Dewey Decimal Classification |
| Koha item type | Books |
| Lost status | Source of classification or shelving scheme | Damaged status | Not for loan | Collection code | Permanent Location | Current Location | Shelving location | Date acquired | Source of acquisition | Cost, normal purchase price | Total Checkouts | Full call number | Date last seen | Copy number | Koha item type |
|---|---|---|---|---|---|---|---|---|---|---|---|---|---|---|---|
| Dewey Decimal Classification | Not For Loan | Non-fiction | Central Library, University of Rajshahi | Central Library, University of Rajshahi | Reading Room | 06/03/1979 | India International, kolikata. | 67.50 | 370.193 MOS 1977 | 15/01/2017 | C-1 | Books |